Spot the Difference XXI Quiz Stats

 Plays Quiz Updated Nov 23, 2017

Challenge
Share
Tweet
Score 0/5 Timer 03:00
15 Plays Today
% Correct
Difference #5
96.4%
Difference #1
87%
Difference #3
84%
Difference #4
80.3%
Difference #2
54.1%

You're not logged in!

Compare scores with friends on all Sporcle quizzes.
OR
Log In

You Might Also Like...

Show Comments

Extras

Top Quizzes Today


Score Distribution

Your Account Isn't Verified!

In order to create a playlist on Sporcle, you need to verify the email address you used during registration. Go to your Sporcle Settings to finish the process.

Report this User

Report this user for behavior that violates our Community Guidelines.

Details: